| 000 | 01761 a2200193 4500 | ||
|---|---|---|---|
| 020 | _a0125004516 | ||
| 040 |
_aDLC _bDLC |
||
| 082 | 0 | 4 | _a621.3670151 |
| 245 | 0 | 0 |
_aNonlinear image processing _ceditors, Sanjit K. Mitra, Giovanni L. Sicuranza |
| 260 |
_aIndia : _bAcademic Press, _cc2001. |
||
| 300 |
_axv, 455 p. : _bill. ; _c26 cm. |
||
| 440 | 0 | _aAcademic Press series in communications, networking and multimedia | |
| 505 | 0 | 0 |
_tAnalysis and optimization of weighted order statistic and stack filters / _rS. Paltmen...[et al.] -- _tImage enhancement and analysis with weighted medians / _rG. Arce and J. Paredes -- _tSpatial-rank order selection filters / _rK. Barner and R. Hardie -- _tSignal-dependent rank-ordered-mean (SD-ROM) filter / _rE. Aloreu -- _tNonlinear mean filters and their applications in image filtering and edge detection / _rC. Kotropoulos, M. Pappas, and I. Pitas -- _tTwo-dimensional teager filters / _rS. Thurnhofer-- _tPolynomial and rational operators for image processing and analysis / _rG. Ramponi -- _tNonlinear partial differential equations in image processing / _rG. Sapiro -- _tRegion-based filtering of images and video sequences : a morphological viewpoint / _rP. Salembeer -- _tDifferential morphology / _rP. Maragos -- _tCoordinate logic filters : theory and applications in image analysis / _rB. Mertzios and K. Tsirikolias -- _tNonlinear filters based on fuzzy models / _rT. Russo -- _tDigital halftoning / _rD. Lau and G. Arce -- _tIntrinsic dimensionality : nonlinear image operators and higher-order statistics / _rC. Zetzsche and G. Krieger. |
| 650 | 0 |
_aImage processing _xDigital techniques. |
|
| 650 | 0 | _aDigital filters (Mathematics) | |
| 700 | 1 | _aMitra, Sanjit Kumar. | |
| 700 | 1 | _aSicuranza, Giovanni L. | |
| 942 |
_cBK _k621.367 MIT _2ddc |
||
| 999 |
_c8849 _d8849 |
||